| 000 | 00691nam a22001817a 4500 | ||
|---|---|---|---|
| 003 | JO-AjAnu | ||
| 005 | 20241019123451.0 | ||
| 008 | 241019b jo ||||| |||| 00| 0 ara d | ||
| 020 | _a5-538-76-9957-978 | ||
| 040 | _cJO-AjAnu | ||
| 100 |
_aالخفاجي، عارف وحيد _eمؤلف _966344 |
||
| 245 |
_aالمنظومة القيمية في الفن الإسلامي _c / عارف وحيد الخفاجي ؛ ايمان خزعل عباس |
||
| 260 |
_aعمان : _bدار الرضوان للنشر والتوزيع، _c2018 |
||
| 300 | _a464 صفحة | ||
| 650 | _vالفن الاسلامي | ||
| 700 |
_aإيمان خزعل عباس _eمؤلف مشارك _966345 |
||
| 942 |
_2lcc _cBK _n0 |
||
| 999 |
_c33776 _d33776 |
||